00627nam a2200205Ia 4500003000900000008004100009040001600050080001500066100002100081245011300102250001200215260003200227300001500259490005400274650001900328650001900347650001200366650002400378700001900402IN-BaIIA211028s9999 xx 000 0 eng d cIIA Library a530.1bRIC aRichtmyer, F. K. 0aIntroduction to modern physicscF. K. Richtmyer and E. H. Kennard  a4th ed. aNew YorkbMcGraw-Hillc1947 axvii,759p. aInternational series in pure and applied physcics aModern Physics aNASA Thesaurus aPhysics aTheoretical Physics aKennard, E. H.